000 00684nam a2200205 a 4500
008 120416s1997 ||||||||||||||||| || u
020 _a0750630051
050 _aTK 7881.15 Mar
100 _aMarston, R. M
245 1 0 _aPower control circuits manual. (2nd ed.)
250 _a2nd ed.
260 _aLondon:
_bNewnes
_c1997
300 _aviii, 220 p. : ill.
350 _a0.00
490 _aNewnes circuits manual series
650 _aELECTRONIC CONTROL
650 0 _aELECTRONICS
650 0 _aPOWER ELECTRONICS
995 _D0.00
_FCBU-MAIN LIBRARY (Kitwe)
_H1
_I0.00
_M1
_UDAMAGED
_WJun 11, 2007
_ZMain Library Open Access Collection
999 _c54158
_d54158